|
|
|
|
| LEADER |
01056naa a2200229 i 4500 |
| 001 |
publ13699 |
| 005 |
20190227105907.0 |
| 008 |
180726s2017 hu o 0|| zxx d |
| 020 |
|
|
|a 978-3-319-66681-5
|
| 024 |
7 |
|
|a 10.1007/978-3-319-66682-2_4
|2 doi
|
| 024 |
7 |
|
|a 3321603
|2 mtmt
|
| 040 |
|
|
|a SZTE Publicatio Repozitórium
|b hun
|
| 041 |
|
|
|a zxx
|
| 100 |
1 |
|
|a Bela Krisztina
|
| 245 |
1 |
0 |
|a Plant glutathione peroxidases
|h [elektronikus dokumentum] :
|b structural and functional characterization, their roles in plant development /
|c Bela Krisztina
|
| 260 |
|
|
|a Springer International Publishing
|b Cham (Svájc)
|c 2017
|
| 300 |
|
|
|a 99-111
|
| 490 |
0 |
|
|a Glutathione in Plant Growth, Development, and Stress Tolerance
|
| 700 |
0 |
1 |
|a Bangash Sajid Ali Khan
|e aut
|
| 700 |
0 |
1 |
|a Csiszár Jolán
|e aut
|
| 856 |
4 |
0 |
|u http://publicatio.bibl.u-szeged.hu/13699/6/Bela_et_al._2017_Glutathione_book_Ch_4_GPX_struct__funct_developm_u.pdf
|z Dokumentum-elérés
|
| 856 |
4 |
0 |
|u http://publicatio.bibl.u-szeged.hu/13699/7/2017_Bookmatter_GlutathioneInPlantGrowthDevelo.pdf
|z Dokumentum-elérés
|